000 00469nam a2200133Ia 4500
005 20260209120154.0
008 260209s9999||||xx |||||||||||||| ||und||
100 _aBhanuprakash Prabhakar Hegde
245 0 _aJudicial discretion in granting bail
260 _aBangaloreBangalore
_bNLSIU, Bangalore
_c2024 - 2025
300 _a32 p. ; 25 cm.
700 _aMr. Rahul Raman - SupervisorMr. Rahul Raman - Supervisor
856 _uhttps://dans.nls.ac.in/handle/123456789/2522
999 _c217811
_d217811